000 00186 a2200085 4500
100 _aОльга Кузьмович
_918554
245 _aПро це і те
260 _c2000
942 _cBK
999 _c578045
_d578045